<?xml version='1.0' encoding='UTF-8'?>
  <record xmlns="http://www.loc.gov/MARC21/slim">
    <leader>00000cam a2200000 i 4500</leader>
    <controlfield tag="001">ocm06952367</controlfield>
    <controlfield tag="003">OCoLC</controlfield>
    <controlfield tag="005">20250727220412.3</controlfield>
    <controlfield tag="008">801118s1887    enkaf         000 0 eng c</controlfield>
    <datafield tag="010" ind1=" " ind2=" ">
      <subfield code="a">gs 13000043 </subfield>
    </datafield>
    <datafield tag="040" ind1=" " ind2=" ">
      <subfield code="a">RETROCON/NYGG (U. S. Geol. Survey. Libr.)</subfield>
      <subfield code="b">eng</subfield>
      <subfield code="c">COO</subfield>
      <subfield code="d">OCLCQ</subfield>
      <subfield code="d">CUY</subfield>
      <subfield code="d">OCLCG</subfield>
      <subfield code="d">SHS</subfield>
      <subfield code="d">OHDNW</subfield>
      <subfield code="d">OCLCO</subfield>
      <subfield code="d">OCLCF</subfield>
      <subfield code="d">OCLCQ</subfield>
      <subfield code="d">QGJ</subfield>
      <subfield code="d">BUB</subfield>
      <subfield code="d">OCLCO</subfield>
      <subfield code="d">OCLCL</subfield>
      <subfield code="d">OCLCQ</subfield>
      <subfield code="d">OCLCL</subfield>
      <subfield code="d">OCLCQ</subfield>
      <subfield code="d">OCLCL</subfield>
    </datafield>
    <datafield tag="019" ind1=" " ind2=" ">
      <subfield code="a">605941799</subfield>
      <subfield code="a">1051502697</subfield>
      <subfield code="a">1113563804</subfield>
    </datafield>
    <datafield tag="029" ind1="1" ind2=" ">
      <subfield code="a">AU@</subfield>
      <subfield code="b">000006381811</subfield>
    </datafield>
    <datafield tag="029" ind1="1" ind2=" ">
      <subfield code="a">NLGGC</subfield>
      <subfield code="b">158063392</subfield>
    </datafield>
    <datafield tag="035" ind1=" " ind2=" ">
      <subfield code="a">(OCoLC)6952367</subfield>
      <subfield code="z">(OCoLC)605941799</subfield>
      <subfield code="z">(OCoLC)1051502697</subfield>
      <subfield code="z">(OCoLC)1113563804</subfield>
    </datafield>
    <datafield tag="043" ind1=" " ind2=" ">
      <subfield code="a">e-uk---</subfield>
    </datafield>
    <datafield tag="050" ind1=" " ind2="4">
      <subfield code="a">QE919</subfield>
      <subfield code="b">.W48</subfield>
    </datafield>
    <datafield tag="082" ind1=" " ind2="4">
      <subfield code="a">561.79</subfield>
      <subfield code="b">W73m</subfield>
      <subfield code="1">https://id.oclc.org/worldcat/ddc/E3CDq8xqW4Hx8XQ3VyvpTfYhvd</subfield>
    </datafield>
    <datafield tag="100" ind1="1" ind2=" ">
      <subfield code="a">Williamson, William Crawford,</subfield>
      <subfield code="d">1816-1895.</subfield>
      <subfield code="1">https://id.oclc.org/worldcat/entity/E39PBJq74d6JXcHfH3hRwtt3Qq</subfield>
    </datafield>
    <datafield tag="245" ind1="1" ind2="2">
      <subfield code="a">A monograph on the morphology and histology of Stigmaria ficoides /</subfield>
      <subfield code="c">by William Crawford Williamson.</subfield>
    </datafield>
    <datafield tag="260" ind1=" " ind2=" ">
      <subfield code="a">London :bPrinted for the Palæontographical Society,</subfield>
      <subfield code="c">1887.</subfield>
    </datafield>
    <datafield tag="300" ind1=" " ind2=" ">
      <subfield code="a">2 preliminary leaves, iv, 62 pages :</subfield>
      <subfield code="b">illustrations, XV plates;</subfield>
      <subfield code="c">28 cm</subfield>
    </datafield>
    <datafield tag="336" ind1=" " ind2=" ">
      <subfield code="a">text</subfield>
      <subfield code="b">txt</subfield>
      <subfield code="2">rdacontent</subfield>
    </datafield>
    <datafield tag="337" ind1=" " ind2=" ">
      <subfield code="a">unmediated</subfield>
      <subfield code="b">n</subfield>
      <subfield code="2">rdamedia</subfield>
    </datafield>
    <datafield tag="338" ind1=" " ind2=" ">
      <subfield code="a">volume</subfield>
      <subfield code="b">nc</subfield>
      <subfield code="2">rdacarrier</subfield>
    </datafield>
    <datafield tag="490" ind1="1" ind2=" ">
      <subfield code="a">Monograph of the Palaeontographical Society ;</subfield>
      <subfield code="v">v.100-101</subfield>
    </datafield>
    <datafield tag="500" ind1=" " ind2=" ">
      <subfield code="a">Each plate preceded by leaf with descriptive letterpress.</subfield>
    </datafield>
    <datafield tag="500" ind1=" " ind2=" ">
      <subfield code="a">Issued as: Palæontographical society. [Monographs] v.40 [pt. 1].</subfield>
    </datafield>
    <datafield tag="500" ind1=" " ind2=" ">
      <subfield code="a">Added t.p.: The Palæontographical society.</subfield>
    </datafield>
    <datafield tag="650" ind1=" " ind2="0">
      <subfield code="a">Paleobotany</subfield>
      <subfield code="z">Great Britain</subfield>
      <subfield code="y">Carboniferous.</subfield>
    </datafield>
    <datafield tag="650" ind1=" " ind2="6">
      <subfield code="a">Paléobotanique</subfield>
      <subfield code="z">Grande-Bretagne</subfield>
      <subfield code="y">Carbonifère.</subfield>
    </datafield>
    <datafield tag="650" ind1=" " ind2="7">
      <subfield code="a">Carboniferous Geologic Period.</subfield>
      <subfield code="2">fast</subfield>
      <subfield code="0">(OCoLC)fst01352242</subfield>
    </datafield>
    <datafield tag="650" ind1=" " ind2="7">
      <subfield code="a">Paleobotany.</subfield>
      <subfield code="2">fast</subfield>
      <subfield code="0">(OCoLC)fst01051324</subfield>
    </datafield>
    <datafield tag="651" ind1=" " ind2="7">
      <subfield code="a">Great Britain.</subfield>
      <subfield code="2">fast</subfield>
      <subfield code="0">(OCoLC)fst01204623</subfield>
      <subfield code="1">https://id.oclc.org/worldcat/entity/E39PBJdmp7p3cx8hpmJ8HvmTpP</subfield>
    </datafield>
    <datafield tag="648" ind1=" " ind2="7">
      <subfield code="a">From 280 to 345 million years ago</subfield>
      <subfield code="2">fast</subfield>
    </datafield>
    <datafield tag="776" ind1="0" ind2="8">
      <subfield code="i">Online version:</subfield>
      <subfield code="a">Williamson, William Crawford, 1816-1895.</subfield>
      <subfield code="t">Monograph on the morphology and histology of Stigmaria ficoides.</subfield>
      <subfield code="d">London, Printed for the Palæontographical Society, 1887</subfield>
      <subfield code="w">(OCoLC)890561032</subfield>
    </datafield>
    <datafield tag="830" ind1=" " ind2="0">
      <subfield code="a">Monograph of the Palaeontographical Society ;</subfield>
      <subfield code="v">v.100-101.</subfield>
    </datafield>
  </record>